| 000 | 00749cam a2200217 a 4500 | ||
|---|---|---|---|
| 003 | EG-GiCUC | ||
| 008 | 090406s1979 ku a g 000 0 ara d | ||
| 040 |
_aEG-GiCUC _bara _cEG-GiCUC |
||
| 092 | 0 | 4 |
_a153.35 _bI733 1979 _221 |
| 099 |
_a04 _a153.35 I733 1979 |
||
| 100 | 1 |
_aعيسى : حسن أحمد _d1935- |
|
| 245 | 1 | 2 |
_aالإبداع فى الفن و العلم/ _cحسن احمد عيسى |
| 260 |
_aالكويت: _bالمجلس الوطني للثقافة و الفنون و الآداب: _c1979 |
||
| 300 |
_a320 ص: _bصور؛ _c21 سم |
||
| 440 | 0 |
_aعالم المعرفة؛ _v24 |
|
| 650 | 7 |
_aالإبداع _2qrmak |
|
| 902 | _a1 | ||
| 905 |
_aجيهان شعراوى _eمدخل |
||
| 905 |
_aعمر _eمراجع |
||
| 942 |
_2ddc _cBK |
||
| 999 |
_c111925 _d111925 |
||